[Event "Santa Margalida Mallorca-ch"]
[Site "Santa Margalida"]
[Date "2016.11.26"]
[Round "6"]
[White "Llado Tomas, Miquel"]
[Black "Riera Salom, Salvador"]
[Result "1-0"]
[WhiteElo "1727"]
[BlackElo "1835"]
[PlyCount "59"]
[EventDate "2016.11.11"]
[EventType "swiss"]
[EventRounds "8"]
[EventCountry "ESP"]
[SourceTitle "EXT 2018"]
[Source "ChessBase"]
[SourceDate "2017.10.13"]
[SourceVersion "1"]
[SourceVersionDate "2017.10.13"]
[SourceQuality "1"]

1. c4 Nf6 2. g3 g6 3. Nf3 Bg7 4. Bg2 0-0 5. 0-0 c5 6. d4 cxd4 7. Nxd4 Nc6 8. Nc3 a6 9. Nxc6 dxc6 10. Qc2 Be6 11. Ne4 Qd4 12. c5 Bf5 13. Nxf6+ Bxf6 14. e4 Be6 15. Rd1 Qb4 16. Bf4 Bd4 17. Rac1 Bxa2 18. b3 Bxb3 19. Rxd4 Qxd4 20. Qxb3 e5 21. Bh6 Rfb8 22. Qf3 Qd8 23. Rd1 Qe7 24. Rd7 Qe6 25. Bh3 f5 26. Rd6 Qe7 27. exf5 Rd8 28. fxg6 Rxd6 29. cxd6 Qe8 30. Qb3+ 1-0

[Event "Santa Margalida Mallorca-ch"]
[Site "Santa Margalida"]
[Date "2016.11.12"]
[Round "2"]
[White "Riera Salom, Salvador"]
[Black "Llabres Coll, Juan"]
[Result "0-1"]
[WhiteElo "1835"]
[BlackElo "1610"]
[PlyCount "62"]
[EventDate "2016.11.11"]
[EventType "swiss"]
[EventRounds "8"]
[EventCountry "ESP"]
[SourceTitle "EXT 2018"]
[Source "ChessBase"]
[SourceDate "2017.10.13"]
[SourceVersion "1"]
[SourceVersionDate "2017.10.13"]
[SourceQuality "1"]

1. d4 d5 2. c4 c6 3. e3 Nf6 4. Nc3 e6 5. Nf3 Bb4 6. a3 Bxc3+ 7. bxc3 0-0 8. Rb1 Ne4 9. Qc2 Qa5 10. Bb2 Nd7 11. Bd3 Ndf6 12. Nd2 Nxd2 13. Qxd2 dxc4 14. Bxc4 b5 15. Bd3 Re8 16. f4 Bd7 17. h3 Rac8 18. g4 c5 19. g5 Nd5 20. h4 c4 21. Bc2 Bc6 22. Rg1 Ne7 23. h5 g6 24. hxg6 Nxg6 25. Qh2 Qc7 26. Qh6 Bf3 27. Rg3 Qc6 28. Rh3 Be4 29. Qxh7+ Kf8 30. Qh8+ Nxh8 31. Rxh8+ Ke7 0-1